|
|
|
|
| LEADER |
01113nam a22002537a 4500 |
| 001 |
AAL8317 |
| 003 |
BD-DhAAL |
| 005 |
20160311194956.0 |
| 008 |
160311m20082001bg ||||| |||| 00| 0 ben d |
| 020 |
|
|
|a 9847015600624
|
| 040 |
|
|
|a BD-DhAAL
|c BD-DhAAL
|
| 082 |
|
|
|a 891.442
|
| 100 |
|
|
|a আল দীন, সেলিম
|9 18412
|
| 245 |
|
|
|a সেলিম আল দীন রচনাসমগ্র-৩ /
|c সেলিম আল দীন
|
| 260 |
|
|
|a ঢাকা :
|b মাওলা ব্রাদার্স,
|c ২০১১
|
| 300 |
|
|
|a ৫২০ পৃ. ;
|c ২২ সে.মি.
|
| 541 |
|
|
|e 8317
|
| 650 |
|
|
|a Bengali drama
|y 20th century.
|9 18413
|
| 650 |
|
|
|a Bengali drama
|9 18414
|
| 852 |
|
|
|a Savar Campus Library
|c General Shelf
|
| 942 |
|
|
|2 ddc
|c BK
|
| 999 |
|
|
|c 37066
|d 37066
|
| 952 |
|
|
|0 0
|1 0
|2 ddc
|4 0
|6 891_442000000000000_ALD
|7 0
|9 58318
|a SCL
|b SCL
|c GEN
|d 2016-03-11
|g 292.00
|l 1
|o 891.442 ALD
|p 3020008317
|r 2019-02-17
|s 2019-01-31
|t 1
|w 2016-03-11
|y BK
|
| 952 |
|
|
|0 0
|1 0
|2 ddc
|4 0
|6 891_442000000000000_ALD
|7 0
|9 58319
|a SCL
|b SCL
|c GEN
|d 2016-03-11
|g 292.00
|l 0
|o 891.442 ALD
|p 3020008316
|r 2016-03-11
|t 2
|w 2016-03-11
|y BK
|